El sistema de precios
Uloženo v:
| Hlavní autoři: | , |
|---|---|
| Médium: | Kniha |
| Jazyk: | španělština |
| Vydáno: |
Buenos Aires
Centro Regional de Ayuda Técnica
1970
|
| Edice: | Biblioteca de Economía Política
|
| Témata: | |
| Tagy: |
Přidat tag
Žádné tagy, Buďte první, kdo vytvoří štítek k tomuto záznamu!
|
MARC
| LEADER | 00000nam a2200000 a 4500 | ||
|---|---|---|---|
| 001 | UCT6147 | ||
| 003 | CL-VaPUC | ||
| 008 | 961230e19700000AG |||||||||||||||||spa|d | ||
| 082 | 0 | 4 | |a 338.52 |b HAV |2 21 |
| 100 | |a Haveman, Robert H |e author |9 375982 | ||
| 700 | 0 | |a Knopf, Kenyon |e author |9 375983 | |
| 245 | 1 | 3 | |a El sistema de precios |
| 300 | |a 319 p | ||
| 942 | |c BK | ||
| 945 | |d 19961230 00:00:00 |a nastorga | ||
| 260 | |a Buenos Aires |b Centro Regional de Ayuda Técnica |c 1970 | ||
| 650 | 0 | |a Política de precios |9 259481 | |
| 650 | 0 | |a Economía |9 255568 | |
| 650 | 7 | |a SOCIEDAD DE MERCADO |2 CL-VaPUC |9 375984 | |
| 650 | 0 | |a Producción |9 263680 | |
| 650 | 7 | |a SISTEMA ECONOMICO |2 CL-VaPUC |9 375985 | |
| 650 | 0 | |a Empresas |9 255569 | |
| 650 | 0 | |a Precios |9 260787 | |
| 650 | 0 | |a Dinero |9 314331 | |
| 650 | 0 | |a Consumidores |9 315658 | |
| 650 | 7 | |a DEMANDA |2 CL-VaPUC |9 255172 | |
| 650 | 7 | |a INSUMOS |2 CL-VaPUC |9 375986 | |
| 650 | 0 | |a Monopolios |9 255549 | |
| 650 | 0 | |a Salarios |9 255321 | |
| 583 | |a last modification |c 19961230 00:00:00 |k Rodrigo Vera | ||
| 490 | 0 | |a Biblioteca de Economía Política | |
| 999 | |c 254869 |d 254867 | ||
| 952 | |0 0 |1 0 |4 0 |6 338_520000000000000_HAV_1970 |7 0 |8 A |9 276809 |a BIBENE |b BIBENE |d 2019-11-19 |i 1992686 |o 338.52 HAV 1970 |p 1992686 |r 2025-01-15 |w 2019-11-19 |y BK |k ICO | ||